000
00309nam a22001337a 4500
020
_a
007283627X
082
_a
330
100
_a
J. Bradford DeLong
245
_a
Study Guide for use with macroeconomics
250
_a
updated edition
260
_a
Boston
_b
McGraw-Hill
_c
2002
300
_a
430p
942
_c
BK
999
_c
3221
_d
3221